La competitividad de las universidades públicas mexicanas : una propuesta de evaluación /

Guardat en:
Dades bibliogràfiques
Autor principal: Loría Díaz, Eduardo (autor)
Format: Llibre
Idioma:espanyol
Publicat: Toluca, México : México : Universidad Autónoma del Estado de México ; Plaza y Valdés, 2002, c2002
Matèries:
Etiquetes: Afegir etiqueta
Sense etiquetes, Sigues el primer a etiquetar aquest registre!

MARC

LEADER 00000nam^a2200000^a^4500
001 000165251
005 20250521000000.0
009 20260310101011.505
020 |a 970-722-057-0 
037 |a Acervo ITESO - Biblioteca 
041 |a ESP 
082 |a 378. 72  |b LOR 
100 |a Loría Díaz, Eduardo  |e (autor) 
245 1 3 |a La competitividad de las universidades públicas mexicanas :  |b una propuesta de evaluación /  |c E. Loría Díaz. 
264 4 |a Toluca, México :  |b Universidad Autónoma del Estado de México ;  |a México :  |b Plaza y Valdés,  |c 2002, c2002 
300 |a 153 p. 
336 |a texto  |b txt  |2 rdacontenido 
337 |a sin mediación  |b n  |2 rdamedio 
338 |a volumen  |b nc  |2 rdasoporte 
649 |a XX 
650 |a Eficiencia Institucional -  |z México 
650 |a Evaluación Educativa -  |z México 
650 |a Planeación Educativa -  |z México 
650 |a Política Educativa -  |z México 
650 |a Educación y Estado -  |z México 
650 |a Educación y Política -  |z México 
650 |a Universidades Públicas -  |z México -  |x Evaluación 
650 |a Instituciones Educativas -  |z México -  |x Evaluación 
650 |a Educación Pública -  |z México -  |x Evaluación 
650 |a Educación Superior -  |z México -  |x Evaluación 
650 |a Administración Educativa -  |z México 
650 |a Sociología de la Educación -  |z México 
910 |a Fondo General 
920 |a Impresos - Libros 
930 |a Colección General 
905 |a 101 
901 |a 0500099281  |b IT1  |c ACC  |u 20250521 
902 |a https://opac.biblio.iteso.mx/vufind/Record/000165251